| 000 | 01826nam a2200241Ia 4500 | ||
|---|---|---|---|
| 008 | 260220t1976||||xx |||||||||||||| ||spa|| | ||
| 040 |
_aPY-SlUNAC _bspa _erda |
||
| 041 | _aspa | ||
| 082 |
_a650.13 _bAn82e |
||
| 100 |
_aAnsoff, H. Igor _eAutor |
||
| 245 | 0 |
_aLa estrategia de la empresa / _cpor H. Igor Ansoff [Autor] |
|
| 264 |
_aBarcelona : _bUniversidad de Navarra, _c℗1976. |
||
| 300 | _a1 volumen | ||
| 520 | _aEn "La estrategia de la empresa", H. Igor Ansoff presenta un análisis exhaustivo sobre la formulación y ejecución de estrategias empresariales, enfocándose en la necesidad de adaptarse a un entorno cambiante para asegurar el crecimiento y la supervivencia organizacional. Ansoff introduce su famoso "matriz de producto-mercado", que categoriza las estrategias en función de la combinación de nuevos y existentes productos y mercados, ofreciendo un marco para la toma de decisiones estratégicas. Además, el autor subraya la importancia de la alineación entre la estructura organizativa y la estrategia, así como la necesidad de evaluar constantemente el entorno competitivo y los recursos internos. A través de ejemplos prácticos y una sólida base teórica, Ansoff destaca cómo una planificación estratégica efectiva puede facilitar la identificación de oportunidades y la mitigación de riesgos, posicionando a las empresas de manera más efectiva en el mercado. Este libro es considerado un referente en el campo de la estrategia empresarial, influyendo en académicos y profesionales por igual. | ||
| 653 | _aEstrategia empresarial | ||
| 653 | _aGestión empresarial | ||
| 653 | _aPlanificación estratégica | ||
| 942 |
_b2026/02/17 _cBK |
||
| 999 |
_c8757 _d8757 |
||